000 00455nam a2200145Ia 4500
008 211109s9999||||xx |||||||||||||| ||und||
082 _a894.8123
_bPAD-S
100 _aPadmanabhan, T
245 0 _aSahrudayanaya Oru Cheruppakkarante Jeevithathil Ninnum
260 _bNational Book Stall
_aKottayam
_c1982
300 _a101p.
630 _xGENERAL STACK
650 _aMalayalam literature
_vMalayalam fiction
_xLiterature & rhetoricMalayalam
942 _cBOOK
999 _c45407
_d45407